| 000 | 00403nam a2200145 a 4500 | ||
|---|---|---|---|
| 005 | 20140412111322.0 | ||
| 008 | 010323s19uu xx 00 eng d | ||
| 050 |
_aER _bMy99 |
||
| 245 |
_aMy clock. / _cillustrated by Ken-ichi Takaba. |
||
| 260 |
_aTokyo : _bFroebel-kan co., Ltd, _c[n.d.] |
||
| 300 | _a1 v. (unp.) ; ill. | ||
| 440 | _aAnimal Shape Book | ||
| 650 | _aTime - Fiction | ||
| 999 |
_c104430 _d104430 |
||